The mirror of fire and dreaming : (Record no. 131371)

MARC details
000 -LEADER
fixed length control field 00775nam a22002657a 4500
003 - CONTROL NUMBER IDENTIFIER
control field 0
005 - DATE AND TIME OF LATEST TRANSACTION
control field 20191004153859.0
008 - FIXED-LENGTH DATA ELEMENTS--GENERAL INFORMATION
fixed length control field 0
010 ## - LIBRARY OF CONGRESS CONTROL NUMBER
LC control number B-213419, B-213429
020 ## - INTERNATIONAL STANDARD BOOK NUMBER
Terms of availability 295.00
International Standard Book Number 8186939342
035 ## - SYSTEM CONTROL NUMBER
System control number B-213419, B-213427, B-213423, B-213437,b-213439
035 ## - SYSTEM CONTROL NUMBER
System control number B-213429
037 ## - SOURCE OF ACQUISITION
Stock number Cen Lib/Ret
040 ## - CATALOGING SOURCE
Original cataloging agency DPL
Language of cataloging EN
Transcribing agency 0
050 ## - LIBRARY OF CONGRESS CALL NUMBER
Classification number N
082 ## - DEWEY DECIMAL CLASSIFICATION NUMBER
Classification number N
Item number DIV
100 ## - MAIN ENTRY--PERSONAL NAME
Personal name Divakaruni, Chitra Banerjee
9 (RLIN) 30424
245 ## - TITLE STATEMENT
Title The mirror of fire and dreaming :
Statement of responsibility, etc by Chitra Banerjee Divakaruni
Remainder of title the brotherhood of the conch: book II /
260 ## - PUBLICATION, DISTRIBUTION, ETC. (IMPRINT)
Place of publication, distribution, etc New Delhi
Name of publisher, distributor, etc Roli Books
Date of publication, distribution, etc 2007
270 ## - ADDRESS
City New Delhi
Address M-75, G.K. ll market
Postal code 110048
300 ## - PHYSICAL DESCRIPTION
Extent 226p.
Dimensions 22cm(pbk)
650 ## - SUBJECT ADDED ENTRY--TOPICAL TERM
Topical term or geographic name as entry element literature
9 (RLIN) 6262
650 ## - SUBJECT ADDED ENTRY--TOPICAL TERM
Topical term or geographic name as entry element Novel
9 (RLIN) 22513
942 ## - ADDED ENTRY ELEMENTS (KOHA)
Source of classification or shelving scheme Dewey Decimal Classification
Koha item type English Books
Classification part N
Call number suffix CHI
Holdings
Withdrawn status Lost status Damaged status Not for loan Home library Current library Date acquired Source of acquisition Cost, normal purchase price Total Checkouts Full call number Barcode Date last seen Date checked out Copy number Cost, replacement price Price effective from Koha item type Source of classification or shelving scheme Collection code Total Renewals
        Central Library Central Library 14/07/2015 Cen Lib/Ret 295.00 2 N DIV B-213419 31/07/2019 16/07/2019 1 295.00 14/07/2015 English Books      
        Patel Nagar Patel Nagar 12/07/2018 BPPD/PUB 295.00 3 N CHI B-213427 16/06/2023 15/06/2023   295.00 12/07/2018 English Books Dewey Decimal Classification Fiction  
        Patel Nagar Patel Nagar 12/07/2018 BPPD/PUB 295.00 1 N CHI B-213423 07/07/2019 23/06/2019   295.00 12/07/2018 English Books Dewey Decimal Classification Fiction  
        R.K.Puram-8 R.K.Puram-8 04/10/2019 BPPD/Purchase 295.00   N CHI B-213429 04/10/2019   1 295.00 04/10/2019 English Books Dewey Decimal Classification Fiction  
        Shahdara Branch Shahdara Branch 28/07/2018 BPPD/PUB 295.00 4 N CHI B-213437 28/03/2024 05/03/2024   295.00 28/07/2018 English Books Dewey Decimal Classification Fiction 1
        Vigyan Vihar Vigyan Vihar 06/03/2019 BPPD/PUB 295.00   N CHI b-213439 06/03/2019     295.00 06/03/2019 English Books Dewey Decimal Classification Fiction  

© Delhi Public Library
Hit Counter
free hit counter